000 00263nam a2200109Ia 4500
008 190216s9999||||xx |||||||||||||| ||und||
100 _aTandom B N
245 0 _aManual Of Secretarial Practice
260 _bNm Thripathi Pvt Ltd
_c1979
300 _a476p
942 _cBK
999 _c4388
_d4388